Science Quiz

Random Science or Animal Quiz

Countries with Caecilians Quiz Stats

 Plays Quiz not verified by Sporcle

Score 0/47 Timer 10:00
0 Plays Today
Country % Correct
Brazil
92.3%
India
90.8%
Colombia
87.7%
Ecuador
84.6%
Mexico
84.6%
Indonesia
84.6%
Thailand
83.1%
Paraguay
83.1%
China
81.5%
Malaysia
81.5%
Peru
80%
Argentina
80%
Venezuela
78.5%
Bolivia
78.5%
Uruguay
78.5%
Nigeria
78.5%
Nicaragua
76.9%
Costa Rica
76.9%
Democratic Republic of Congo
76.9%
Laos
76.9%
Honduras
75.4%
Panama
75.4%
Kenya
75.4%
Philippines
73.8%
Country % Correct
Ghana
73.8%
Guyana
72.3%
Suriname
72.3%
Guatemala
70.8%
El Salvador
70.8%
Cameroon
70.8%
Equatorial Guinea
70.8%
Rwanda
69.2%
Ethiopia
69.2%
Sierra Leone
68.3%
Cote D'Ivoire
68.3%
Tanzania
67.7%
Guinea
67.7%
Central African Republic
67.7%
Republic of Congo
67.7%
Sri Lanka
66.2%
Liberia
64.6%
Gabon
64.6%
France (French Guiana)
63.1%
Singapore
63.1%
Malawi
61.5%
Seychelles
47.7%
Sao Tome and Principe
46.2%

You're not logged in!

Compare scores with friends on all Sporcle quizzes.
OR
Log In

Show Comments

Extras

Top Quizzes Today


Score Distribution

Your Account Isn't Verified!

In order to create a playlist on Sporcle, you need to verify the email address you used during registration. Go to your Sporcle Settings to finish the process.

Report this User

Report this user for behavior that violates our Community Guidelines.

Details: